Kuranî mucize kelimeler : (Record no. 14833)

MARC details
000 -BAŞLIK
Sabit Uzunlukta Kontrol Alanı 00733nam a22002297a 4500
999 ## - SİSTEM KONTROL NUMARALARI (KOHA)
Koha Biblionumber 14833
Koha Biblioitemnumber 14833
003 - KONTROL NUMARASI IDENTIFIER
Denetim Alanı MIRAKIL
005 - SON İŞLEM TARİHİ VE ZAMANI
Denetim Alanı 20220310143635.0
008 - SABİT-BOY VERİ ELEMANLARI - GENEL BİLGİLER
Sabit Uzunlukta Kontrol Alanı 220310b tu ||||| |||| 00| 0 tur d
020 ## - ULUSLARARASI STANDART KİTAP NUMARASI
Uluslararası Standart Kitap Numarası 9786058513709
040 ## - KATALOGLAMA KAYNAK
Orijinal Kataloglama Ajansı TR-AnCHP
Metne Dönüştürmek Ajansı TR-AnCHP
041 ## - DİL KODU
Metin / Ses Parça Veya Ayrı Başlığın Dil Kodu tur
082 ## - DEWEY ONLU SINIFLANDIRMA NUMARASI
Sınıflandırma Numarası 297.1016
Ürün Numarası K86 2014
245 10 - BAŞLIK TABLOSU
Başlık Kuranî mucize kelimeler :
Başlığın Kalan [Kur'an-ı Kerim sözlüğü] /
Sorumluluk Tablosu, Vb [hazırlayan]: Hasan Özgür Özen.
246 ## - UNVAN FORM VARYING
Başlık Doğru / Kısa Başlığı [Kur'an-ı Kerim sözlüğü]
260 ## - YAYIN, DAĞITIM, VB
Yayın, Dağıtım, Vb Yeri Ankara :
Yayıncı, Dağıtıcı, Vs Adı DRHOO,
Yayın, Dağıtım, Vb Tarihi 2014.
300 ## - FİZİKSEL TANIM
Kapsam [22], 2246 s. ;
Boyutlar 25 sm.
504 ## - KAYNAKÇA VB NOT
Kaynakça Vb Notu Dizin vardır
650 #0 - KONU KATMA GİRİŞ - TOPİKAL DÖNEM
9 (RLIN) 513
Topikal Süreli Veya Coğrafi Ad Giriş Elemanı İslam dini
Genel Alt Bölümü Kuran-i Kerim
-- sözlükler
700 ## - KATMA GİRİŞ - KİŞİSEL İSİM
9 (RLIN) 7009
Kişisel Ad Özen, Hasan Özgür,
Relator Terim haz.
740 ## - KATMA GİRİŞ - KONTROLSUZ İLGİLİ / ANALİTİK BAŞLIK
Kontrol Edilmeyen / İlgili Analitik Başlıktaki [Kur'an-ı Kerim sözlüğü]
942 ## - EKLENDİ GİRİŞ ELEMANLARI (KOHA)
Sınıflandırma Veya Raf Düzeni Kaynak Dewey Decimal Classification
Koha Öğesi Türü Books
Holdings
Kalıcı Konum Mevcut Konum Edinme Tarihi Toplam Check-Out'Lar Tam Çağrı Numarası Barkod Tarih Son Görülme İtibaren Geçerli Fiyatlar Koha Öğesi Türü
CHP Kütüphanesi CHP Kütüphanesi 03/10/2022   297.1016 K86 2014 020338 03/10/2022 03/10/2022 Books